000 00679cam a2200217 4500
001 ABS68712
008 050303n2005 000 0 eng u
035 _a(Sirsi) u128926
245 _aFocus 1: Ireland update
260 _c2005
490 _aEstates Gazette
_v(0508) 26 February 2005, 77-87(5)
590 _aABS
650 _aEIRE
650 _aNORTHERN IRELAND
650 _aBELFAST
650 _aPROPERTY-COMMERCIAL PROPERTY-RETAIL PROPERTY-RETAIL PROPERTY MARKET
650 _aPROPERTY-COMMERCIAL PROPERTY-OFFICE PROPERTY-OFFICE PROPERTY MARKET
650 _aINDUSTRIAL MARKET
690 _aPROPERTY-COMMERCIAL PROPERTY-COMMERCIAL PROPERTY MARKET
942 _n0
999 _c74864
_d74864